000 01227aam a2200337 i 4500
001 768714001
003 CO-MdFUSB
005 20250603160650.0
007 ta
008 250603t2001 sp |||| |||| 00| 0 spa d
020 _a84-293-1404-0
040 _cCO-MdFUSB
041 0 _aspa
_heng
082 0 4 _223
_a242
_bF762f
100 1 _aFoucauld, Charles de (1858-1916)
_eautor
240 _aCharles de Foucauld : writings selected
245 1 0 _aEscritos esenciales
_c/ Charles de Foucauld ; introducción y editado por Robert Ellsberg
264 1 _bSal Terrae,
_aEspaña :
_c[2001]
264 4 _c©2001
300 _a136 páginas
336 _atexto
_btxt
_2rdacontent
337 _2rdamedia
_asin mediación
_bn
338 _2rdacarrier
_avolumen
_bnc
490 _aEl Pozo de Siquem
505 _a Vida oculta: Tras sus huellas, Nazaret, Humildad, Resoluciones - Grita el evangelio con tu vida: la búsqueda de una vocación, Misión, Hermano universal - Abandono en la voluntad de Dios: Las bienaventuranzas, Fe, Oración, Consuelos, Sufrimiento
563 _aRústico
650 0 _aVida espiritual
_951
700 _aEllsberg, Robert,
_911642
_eintroductor y editor
942 _cBK
945 _aJTF-925
999 _c41442
_d41442